La minería en el Nuevo Mundo / (Record no. 122108)
[ view plain ]
| 000 -LEADER | |
|---|---|
| campo de control de longitud fija | 00767nam a2200241 i 4500 |
| 001 - NÚMERO DE CONTROL | |
| campo de control | 122108 |
| 003 - IDENTIFICADOR DE NÚMERO DE CONTROL | |
| campo de control | ES-MaACL |
| 005 - FECHA Y HORA DE LA ÚLTIMA TRANSACCIÓN | |
| campo de control | 20251220063019.0 |
| 007 - CAMPO FIJO DE DESCRIPCIÓN FÍSICA--INFORMACIÓN GENERAL | |
| campo de control de longitud fija | t| |
| 008 - DATOS DE LONGITUD FIJA--INFORMACIÓN GENERAL | |
| campo de control de longitud fija | 070214s1977 sp r ||||1| spa d |
| 080 ## - NÚMERO DE LA CLASIFICACIÓN DECIMAL UNIVERSAL | |
| Número de la Clasificación Decimal Universal | 84-292-5106-6 |
| 100 1# - ENTRADA PRINCIPAL--NOMBRE DE PERSONA | |
| Nombre de persona | Prieto, Carlos, |
| Fechas asociadas al nombre | 1898-1991 |
| 9 (RLIN) | 156926 |
| 245 13 - MENCIÓN DEL TÍTULO | |
| Título | La minería en el Nuevo Mundo / |
| Mención de responsabilidad, etc. | Carlos Prieto ; prólogo de Pedro Laín Entralgo. |
| 250 ## - MENCION DE EDICION | |
| Mención de edición | 3ª ed. aum. |
| 260 ## - PUBLICACIÓN, DISTRIBUCIÓN, ETC. | |
| Lugar de publicación, distribución, etc. | Madrid : |
| Nombre del editor, distribuidor, etc. | Revista de Occidente, |
| Fecha de publicación, distribución, etc. | 1977. |
| 300 ## - DESCRIPCIÓN FÍSICA | |
| Extensión | 350 p., 13 lám. ; |
| Dimensiones | 21 cm. |
| 504 ## - NOTA DE BIBLIOGRAFÍA, ETC. | |
| Nota de bibliografía, etc. | Bibliografía: p. 265-321. |
| 650 #4 - PUNTO DE ACCESO ADICIONAL DE MATERIA--TÉRMINO DE MATERIA | |
| Término de materia o nombre geográfico como elemento de entrada | Minería- |
| Subdivisión geográfica | América española. |
| 9 (RLIN) | 156872 |
| 700 1# - ENTRADA AGREGADA--NOMBRE PERSONAL | |
| Nombre de persona | Laín Entralgo, Pedro, |
| Fechas asociadas al nombre | 1908-2001 |
| 9 (RLIN) | 69681 |
| 852 ## - LOCALIZACIÓN | |
| Ubicación | ES-MaACL |
| Número de control de estantería | A-10376 |
| 852 ## - LOCALIZACIÓN | |
| Ubicación | ES-MaACL |
| Número de control de estantería | A-7786 |
| Estatus retirado | Estado de pérdida | Estado de daño | No para préstamo | Biblioteca de origen | Biblioteca actual | Ubicación en estantería | Fecha de adquisición | Fuente de adquisición | Total de préstamos | Signatura topográfica completa | Código de barras | Visto por última vez | Precio de reemplazo | Tipo de ítem Koha |
|---|---|---|---|---|---|---|---|---|---|---|---|---|---|---|
| Biblioteca del Ateneo de Madrid | Biblioteca del Ateneo de Madrid | Sala Pecera Planta 1 | 17/01/2008 | A-7786 | 1127251 | 23/02/2023 | 23/02/2023 | Libro impreso | ||||||
| Biblioteca del Ateneo de Madrid | Biblioteca del Ateneo de Madrid | Depósito 1 | 17/01/2008 | A-10376 | 1127250 | 23/02/2023 | 23/02/2023 | Libro impreso |
